000 00730nam a2200205 i 4500
001 90854
003 ES-MaACL
005 20250901062533.0
007 t|
008 050125s1958 an ||||1| spa d
100 1 _aLecuyer, Joseph.
_971128
245 1 0 _aSacerdotes de Cristo
_b: el sacramento del Orden /
_cJoseph Lecuyer ; [versión española de Juan A.G.-Larraya].
260 _aAndorra :
_bCasal i Vall,
_c[1958]
300 _a138 p. ;
_c19 cm.
490 1 _aYo sé, yo creo : enciclopedia del católico en el siglo XX
700 1 _aLarraya, Juan A. G.
_970325
830 0 0 _aYo sé, yo creo: enciclopedia del católico del siglo XX
_9186579
852 _aES-MaACL
_jC-16295
_bR.43706
999 _c90854
_d90854